| 000 | 00534nam a2200169 i 4500 | ||
|---|---|---|---|
| 001 | 45447 | ||
| 003 | ES-MaACL | ||
| 005 | 20230906161223.0 | ||
| 007 | t| | ||
| 008 | 030326s1923 pr ||||1| spa d | ||
| 100 | 1 |
_aColl y Cuchi, Cayetano. _939639 |
|
| 245 | 1 | 0 |
_aCuatro meses de polĂtica 1923 / _cCayetano Coll y Cuchi. |
| 260 |
_aSan Juan de Puerto Rico : _bGil de la Madrid, _c1923. |
||
| 300 |
_a209 p. ; _c18 cm. |
||
| 651 | 4 |
_aPuerto Rico- _xHistoria- _y1898-1952, Gobierno norteamericano. _9149195 |
|
| 852 |
_aES-MaACL _jC-3523 |
||
| 999 |
_c45447 _d45447 |
||